01005nam a22001937a 450000500170000000800410001702000180005804000070007604100080008308200250009110000200011624500430013625000120017926000640019130000290025536500720028452004240035665000310078020230316151612.0230301b ||||| |||| 00| 0 eng d a9780070994874 cAL aeng 223a574.192028bPLUI aDavid T Plummer aIntroduction to Practical Biochemistry a3th ed. aNew DelhibTata McGraw Hill Education Private Limitedc2009 axvii,332p.bPBc22x15cm. 2GeneralaABDI/0658/23b₹1218.00c₹d₹1625.00e25%f13/02/2023 aThis is a major revision of the manual for the laboratory component of introductory biochemistry courses for undergraduates. New experiments cover molecular biochemistry and immunological methods, both major growth areas in the field. Each chapter is introduced by a section on the techniques used and the basic chemistry of the materials. Also, preceding each experiment is a brief summary of the principles involved.  2Life ScienceaBiochemistry